Análisis del crédito educativo para postgrados : (Registro nro. 6026)

Detalles MARC
000 -LEADER
fixed length control field 00956nam a2200241Ia 4500
003 - CONTROL NUMBER IDENTIFIER
control field OSt
005 - DATE AND TIME OF LATEST TRANSACTION
control field 20200908124037.0
008 - FIXED-LENGTH DATA ELEMENTS--GENERAL INFORMATION
fixed length control field 191128s1992 cx a gr 000 0dspa d
020 ## - INTERNATIONAL STANDARD BOOK NUMBER
International Standard Book Number 958954780X
040 ## - CATALOGING SOURCE
Original cataloging agency CO-JMCR
Transcribing agency CO-JMCR
041 0# - LANGUAGE CODE
Language code of text/sound track or separate title spa
082 04 - DEWEY DECIMAL CLASSIFICATION NUMBER
Classification number 378.168 /
Item number R627a
Edition number 23
100 1# - MAIN ENTRY--PERSONAL NAME
Personal name Rodríguez Oróstrgui, Francisco,
Relator term autor
9 (RLIN) 9947
245 10 - TITLE STATEMENT
Title Análisis del crédito educativo para postgrados :
Remainder of title el caso de América Latina /
Statement of responsibility, etc. Francisco Rodríguez Oróstrgui
260 ## - PUBLICATION, DISTRIBUTION, ETC.
Place of publication, distribution, etc. Bogotá :
Name of publisher, distributor, etc. Editora Guadalupe,
Date of publication, distribution, etc. 1992.
300 ## - PHYSICAL DESCRIPTION
Extent 160 páginas :
Other physical details diagramas a blanco y negro ;
Dimensions 21 cm.
504 ## - BIBLIOGRAPHY, ETC. NOTE
Bibliography, etc. note Bibliografía : páginas 159-160.
505 0# - FORMATTED CONTENTS NOTE
Formatted contents note Determinación y análisis de los modelos de crédito educativo para postgrado -- Area financiera -- Servicios -- Area administrativa -- Impacto
650 24 - SUBJECT ADDED ENTRY--TOPICAL TERM
Topical term or geographic name entry element Préstamos estudiantiles
9 (RLIN) 9948
650 24 - SUBJECT ADDED ENTRY--TOPICAL TERM
Topical term or geographic name entry element Educación superior
9 (RLIN) 5582
650 24 - SUBJECT ADDED ENTRY--TOPICAL TERM
Topical term or geographic name entry element Ayuda estudiantil
9 (RLIN) 9949
942 ## - ADDED ENTRY ELEMENTS (KOHA)
Source of classification or shelving scheme Dewey Decimal Classification
Koha item type Books
Existencias
Withdrawn status Lost status Source of classification or shelving scheme Materials specified (bound volume or other part) Damaged status Not for loan Home library Current library Shelving location Date acquired Source of acquisition Full call number Barcode Date last seen Copy number Price effective from Koha item type
    Dewey Decimal Classification Donación--15/04/2018--     Biblioteca Pública José María del Castillo y Rada Biblioteca Pública José María del Castillo y Rada General Stacks 11/28/2019 Donación 378.168 / R627a 430011639 05/16/2024 Ej.1 11/28/2019 Books